| 000 | 00496nam a2200181Ia 4500 | ||
|---|---|---|---|
| 003 | GCL | ||
| 008 | 140319s9999 xx 000 0 ara d | ||
| 040 |
_aGCL / _cGCL |
||
| 082 | 0 | 4 |
_aد _b050 |
| 100 | 1 | _aاحمد حسن المحامى | |
| 245 | 1 | 0 |
_aكوكب الانسانية (اقرا 294) / _cاحمد حسن المحامى |
| 300 | _a126 | ||
| 490 |
_aاقرأ _v0 |
||
| 650 | 0 | 4 | _aالارض |
| 650 | 0 | 4 | _aاللغات - تاريخ |
| 650 | 0 | 4 | _aالارض - نشأة |
| 942 |
_2ddc _cBK |
||
| 999 |
_c49060 _d49060 |
||